Open Data Biblioteca Nacional de Portugal


República Portuguesa: Ministério da Cultura
Biblioteca Nacional de Portugal

Catálogo da BNP: acesso por Identificadores Unívocos
Registos Bibliográficos associados ao registo de autoridade

Etiqueta de registo: 00000nam 2200025 450
001 2120931
003 http://id.bnportugal.gov.pt/bib/catbnp/2120931
010 ## $a978-989-9068-45-2
021 ## $aPT$b500789/22
100 ## $a20230183d2022 c y0pory01030103ba
101 0# $apor
102 ## $aPT
105 ## $aa z 000fy
106 ## $ar
200 1# $a O caracol Espanhol e o galo Badalo$fIsilda Monteiro, Carlos Nabais$gil. Inês Dinis
205 ## $a1ª ed
210 #9 $a[S.l.]$cAlfarroba,$d2022
215 ## $a41, [2] p.$cil.$d22 cm
675 ## $a087.5$vBN$zpor$3287999
675 ## $a821.134.3-93"20"$vBN$zpor$31046482
675 ## $a821.134.3-34"20"$vBN$zpor$31018838
700 #1 $92$aMonteiro,$bIsilda$31662493
701 #1 $92$aNabais,$bCarlos$4070$31662504
702 #1 $aDinis,$bInês$4440$31869814
801 #0 $aPT$bBN$gRPC
856 41 $uhttp://rnod.bnportugal.gov.pt/ImagesBN/winlibimg.aspx?skey=&doc=2120931&img=173518&save=true
900 ## $aBIBNAC$d20230201
966 ## $lBN$mFGMON$sP. 61684 V.$x1
966 ## $lBN$mFGMON$sP. 61684 V.-D$x1
971 ## $ccsilva$d20230118
972 ## $e0$z0$d20230201$viquintas
973 ## $csteixeira$d20230119

Etiqueta de registo: 00000nam 2200025 450
001 2141037
003 http://id.bnportugal.gov.pt/bib/catbnp/2141037
010 ## $a978-989-574-020-8
021 ## $aPT$b517619/23
100 ## $a20230822d2023 c y0pory01030103ba
101 0# $apor
102 ## $aPT
105 ## $aa z 000fy
106 ## $ar
200 1# $a O conselho dos ratos$fadapt. Ana Oom$gil. Inês Dinis
205 ## $a1ª ed
210 #9 $aLisboa$c0A8,$d2023
215 ## $a29, [1] p.$cil.$d20 cm
225 2# $aHistórias de encantar$v76
675 ## $a087.5$vBN$zpor$3287999
675 ## $a821.134.3-93"20"$vBN$zpor$31046482
702 #1 $aOom,$bAna$4010$31269174
702 #1 $aDinis,$bInês$4440$31869814
801 #0 $aPT$bBN$gRPC
856 41 $uhttp://rnod.bnportugal.gov.pt/ImagesBN/winlibimg.aspx?skey=&doc=2141037&img=183273&save=true
900 ## $aBIBNAC$d20230906
966 ## $lBN$mFGMON$sP. 27840 P.$x1
966 ## $lBN$mFGMON$sP. 27840 P.-D$x1
971 ## $carosa$d20230822
972 ## $e0$z0$d20230906$vasantos
973 ## $cacosta$d20230829
975 ## $e0$d20230926$visabelm

Etiqueta de registo: 00254nam 2200025 450
001 2283688
003 http://id.bnportugal.gov.pt/bib/catbnp/2283688
010 ## $a978-989-35830-5-0
021 ## $aPT$b552889/25
100 ## $a20260406d2025 d y0pory01030103ba
101 0# $apor$aeng
102 ## $aPT
105 ## $aa z 000fy
106 ## $ar
200 1# $a O anjo desafinado$d The out of tune angel$fAna Góri$gil. Inês Dinis$gtrad. David Wright$zeng
205 ## $a1ª ed$d1st ed
210 #9 $a[S.l.]$cÀbolina,$d2025
215 ## $a45 p.$cil.$d25 cm
305 ## $aEd. bilingue em português e inglês
675 ## $a087.5$vBN$zpor$3287999
675 ## $a821.134.3-93"20"$vBN$zpor$31046482
700 #1 $aGóri,$bAna$31929304
701 #1 $aDinis,$bInês$4070$31869814
702 #1 $aWright,$bDavid$4730$31953935
801 #0 $aPT$bBN$gRPC
966 ## $lBN$mFGMON$x1
966 ## $lBN$mFGMON$x1
971 ## $cisantos$d20260406
973 ## $ctrodrigues$d20260428

OpendataBNP@bnportugal.pt | Mais informação sobre acesso aos dados BNP